आर.आर.बीः सहायक स्टेशन मास्टर (ASM) भर्ती परीक्षा (Record no. 61469)

MARC details
000 -LEADER
fixed length control field 01856nam a22003737a 4500
005 - DATE AND TIME OF LATEST TRANSACTION
control field 20120125103416.0
008 - FIXED-LENGTH DATA ELEMENTS--GENERAL INFORMATION
fixed length control field 100518t xxu||||| |||| 00| 0 hin d
010 ## - LCCN (DPL NO)
LC control number
020 ## - INTERNATIONAL STANDARD BOOK NUMBER
Terms of availability 140.00
035 ## - SYSTEM CONTROL NUMBER
System control number B-154736
035 ## - SYSTEM CONTROL NUMBER
System control number B-154740
035 ## - SYSTEM CONTROL NUMBER
System control number B-154760
035 ## - SYSTEM CONTROL NUMBER
System control number B-154766
035 ## - SYSTEM CONTROL NUMBER
System control number B-154741
037 ## - SOURCE OF ACQUISITION
Source of stock number/acquisition DBAD / VEN
037 ## - SOURCE OF ACQUISITION
Source of stock number/acquisition पेन्सी बुक्स/VEN
040 ## - CATALOGING SOURCE
Original cataloging agency DPL
Language of cataloging HN
082 ## - DEWEY DECIMAL CLASSIFICATION NUMBER
Classification number 000
245 ## - TITLE STATEMENT
Title आर.आर.बीः सहायक स्टेशन मास्टर (ASM) भर्ती परीक्षा
Remainder of title हल प्रश्न-पत्र
246 ## - VARYING FORM OF TITLE
Title proper/short title R.R.B:
Remainder of title Hall Prashn-patr
260 ## - PUBLICATION, DISTRIBUTION, ETC. (IMPRINT)
Place of publication, distribution, etc नोएडा
Name of publisher, distributor, etc क्रॉनिकल बुक्स
Date of publication, distribution, etc 2005
270 ## - ADDRESS
Address ए-26, सेक्टर-2
City नोएडा
Postal code 201301
300 ## - PHYSICAL DESCRIPTION
Extent 212पृ
Dimensions 25सेमी (अजिल्द)
500 ## - GENERAL NOTE
General note 50 सेट्स
650 ## - SUBJECT ADDED ENTRY--TOPICAL TERM
Topical term or geographic name as entry element सामान्य ज्ञान
9 (RLIN) 18498
650 ## - SUBJECT ADDED ENTRY--TOPICAL TERM
Topical term or geographic name as entry element General knowlege
9 (RLIN) 18499
942 ## - ADDED ENTRY ELEMENTS (KOHA)
Source of classification or shelving scheme Dewey Decimal Classification
Item type Hindi Books
Call number suffix आरआ
Classification part 000
Holdings
Withdrawn status Lost status Source of classification or shelving scheme Damaged status Not for loan Collection code Home library Current library Date acquired Cost, normal purchase price Total Checkouts Full call number Barcode Date last seen Cost, replacement price Koha item type Total Renewals
    Dewey Decimal Classification     Non-fiction Sarojini Nagar Sarojini Nagar 25/01/2012 140.00   000 आरआ B-154740 25/01/2012 140.00 Hindi Books  
    Dewey Decimal Classification     Non-fiction Sarojini Nagar Sarojini Nagar 25/01/2012 140.00   000 आरआ B-154760 25/01/2012 140.00 Hindi Books  
    Dewey Decimal Classification     Non-fiction Sarojini Nagar Sarojini Nagar 25/01/2012 140.00   000 आरआ B-154736 25/01/2012 140.00 Hindi Books  
    Dewey Decimal Classification     Non-fiction Sarojini Nagar Sarojini Nagar 25/01/2012 140.00   000 आरआ B-154766 25/01/2012 140.00 Hindi Books  
    Dewey Decimal Classification     Non-fiction Sarojini Nagar Sarojini Nagar 25/01/2012 140.00   000 आरआ B-154741 25/01/2012 140.00 Hindi Books  
    Dewey Decimal Classification     Non-fiction Sarojini Nagar Sarojini Nagar 25/07/2018   2 000 आरआ B-114766 02/05/2019   Hindi Books 1

© Delhi Public Library
Hit Counter
free hit counter